[Event "Belgrade-chT Quality"]
[Site "Belgrade"]
[Date "2019.10.19"]
[Round "5.6"]
[White "Vukojicic, Spasoje"]
[Black "Popovic, Andrija"]
[Result "0-1"]
[WhiteElo "1630"]
[BlackElo "2145"]
[PlyCount "96"]
[EventDate "2019.10.05"]
[EventType "team-tourn"]
[EventRounds "11"]
[EventCountry "SRB"]
[SourceTitle "EXT 2022"]
[Source "ChessBase"]
[SourceDate "2021.10.06"]
[SourceVersion "1"]
[SourceVersionDate "2021.10.06"]
[SourceQuality "1"]
[WhiteTeam "Delfin"]
[BlackTeam "Polet"]
[WhiteTeamCountry "SRB"]
[BlackTeamCountry "SRB"]

1. d4 d5 2. Bf4 Nf6 3. Nf3 c5 4. e3 Qb6 5. b3 Nc6 6. Nc3 Bg4 7. Nb5 Rc8 8. c3 a6 9. Bc7 Rxc7 10. Nxc7+ Qxc7 11. Be2 Ne4 12. Qc2 cxd4 13. cxd4 Qa5+ 14. Kf1 Bf5 15. Qc1 f6 16. a3 g5 17. b4 Qb6 18. Nd2 Nxd2+ 19. Qxd2 Kf7 20. Bh5+ Bg6 21. Qe2 Kg7 22. h4 Qb5 23. Qxb5 axb5 24. Be2 Na7 25. Rc1 Be8 26. hxg5 fxg5 27. g4 Bc6 28. Rh5 Kf6 29. Bd3 h6 30. Kg2 Be8 31. Rh3 Ke6 32. Bf5+ Kd6 33. f3 Bg7 34. Rhh1 e6 35. Bd3 Bd7 36. Rc5 b6 37. Rc2 Rc8 38. Rxc8 Nxc8 39. Rc1 e5 40. dxe5+ Bxe5 41. Bxb5 Bxb5 42. Rxc8 Bb2 43. Rd8+ Kc6 44. f4 gxf4 45. exf4 Kc7 46. Rg8 d4 47. f5 d3 48. f6 Bxf6 0-1

[Event "Belgrade-chT Quality"]
[Site "Belgrade"]
[Date "2019.10.13"]
[Round "4.5"]
[White "Vukojicic, Spasoje"]
[Black "Protic, Dusan"]
[Result "0-1"]
[WhiteElo "1630"]
[BlackElo "2011"]
[PlyCount "116"]
[EventDate "2019.10.05"]
[EventType "team-tourn"]
[EventRounds "11"]
[EventCountry "SRB"]
[SourceTitle "EXT 2022"]
[Source "ChessBase"]
[SourceDate "2021.10.06"]
[SourceVersion "1"]
[SourceVersionDate "2021.10.06"]
[SourceQuality "1"]
[WhiteTeam "Delfin"]
[BlackTeam "Borca"]
[WhiteTeamCountry "SRB"]
[BlackTeamCountry "SRB"]

1. d4 Nc6 2. Nf3 d6 3. c4 g6 4. Nc3 Bg7 5. e3 Nf6 6. Bd3 e5 7. d5 Ne7 8. e4 0-0 9. 0-0 Nh5 10. Bg5 h6 11. Bd2 Nf4 12. Bc2 g5 13. Ne2 Neg6 14. Ne1 Bg4 15. f3 Bd7 16. Nd3 Qc8 17. Nexf4 exf4 18. Bc3 Bxc3 19. bxc3 f5 20. Nf2 Ne5 21. Bd3 g4 22. exf5 gxf3 23. gxf3 Bxf5 24. Ne4 Qd8 25. Kh1 Qh4 26. Rg1+ Kh8 27. Rb1 b6 28. Rb2 Rg8 29. Rbg2 Rxg2 30. Rxg2 Bh3 31. Rg1 Rg8 32. Rxg8+ Kxg8 33. Qg1+ Kf7 34. Nf2 Qh5 35. Be2 Bf5 36. Qg2 Ng6 37. Ne4 Nh4 38. Qf2 Bh3 39. Nd2 Qg5 40. Bf1 Bf5 41. Ne4 Bxe4 42. fxe4 f3 43. Qd4 Qf4 44. Qd3 Ng6 45. e5 Nxe5 46. Qh7+ Kf6 47. Qh8+ Ke7 48. Qc8 Nd7 49. Qg8 Nf8 50. Qg7+ Ke8 51. Qxc7 Nd7 52. Qc8+ Ke7 53. Qg8 Nf6 54. Qg7+ Ke8 55. Qxa7 Qc1 56. Qb8+ Ke7 57. Qc7+ Nd7 58. Kg1 Qe3+ 0-1